000 01704cam a22004814i 4500
003 PE-LiUPU
005 20250731173445.0
008 150616s r 000 0 d
020 _a0687468701
035 _a(Sirsi) i9780687468706
040 _aPE-LiUPU
_bspa
_cPE-LiUPU
_erda
049 _aPRUA
082 0 4 _a254.5
_bW15
_221
100 1 _aWagner, C. Peter,
_eautor.
_91201
245 1 0 _aYour Church Can be Healthy.
264 1 _aTennessee :
_bManufactured by the parthenon press at,
_c1981.
300 _a128 páginas ;
_c20 centímetros
336 _atext
_2rdacontent
337 _aunmediated
_2rdamedia
338 _avolume
_2rdacarrier
490 0 _aCreative Leadership Series
504 _aNotas bibliográficas: páginas 122 - 123.
505 0 _aCant the body of crist be sick? -- Old age: when are life-support systems called for? -- Sociological strangulation: can good -- Arrested spiritual development: why don't you act your age?.
526 _aSEG42
526 _aSEG41
526 _aSEG40
526 _aSEG39
526 _aP94
526 _aP87
526 _aP86
526 _aP85
526 _aP77
526 _aP76
526 _aP35
650 0 4 _aCRECIMIENTO DE IGLESIA.
910 _ajck
_bjvq
_cjck
942 _2ddc
_cBOOK
949 _a254.5 W15
_wDEWEY
_c1
_i21342
_lCCODEBUL1
_mBUL
_r0
_sY
_tBOOK
_u2015-6-16
_xTEOLOGIA
_zUNKNOWN
_0COMPRA
_o.STAFF. Colección General
994 _aC0
_bPEPRU
596 _a1
999 _a254.5 W15
_wDEWEY
_c56930
_i21342
_f2021-11-10
_g5
_lCCODEBUL1
_mBUL
_r0
_sY
_tBOOK
_u2015-6-16
_xTEOLOGIA
_zUNKNOWN
_0COMPRA
_o.STAFF. Colección General
_d56930
980 _81
_gALBERTO SANCHEZ Responsable de Automatización